000
00248 a2200097 4500
020
_a
9781259921704
245
_a
Organizational behavior: emerging knowledge. Global reality
250
_a
8th ed.
260
_b
McGraw-Hill Education
_c
2018
942
_c
BK
999
_c
58255
_d
58255